| 000 | 00985cam a22002774a 4500 | ||
|---|---|---|---|
| 005 | 20080820115011.0 | ||
| 008 | 080216s2008 ii b 001 0 eng | ||
| 010 | _aENG-92083 | ||
| 020 |
_a8120004019 _c250.00 |
||
| 020 |
_a9781200040195 _c250.00 |
||
| 035 | _aEN-75616 | ||
| 037 | _bDBAD / PUB | ||
| 040 |
_adpl _bEnglish |
||
| 082 | _a320.5 | ||
| 100 | _aJohari, J.C. | ||
| 245 |
_aMasters of political thought / _cby J.C. Johari |
||
| 260 |
_bMetropolitan Book _c2008 _aNew Delhi |
||
| 270 |
_a1, Netaji Subhash Marg, Daryaganj, _bNew Delhi _e110002 |
||
| 300 |
_aix, 476p. _c22cm (pbk) |
||
| 500 | _aIncludes index | ||
| 650 |
_aPolitical science _xMethodology. |
||
| 650 |
_aPolitical science _xPhilosophy. |
||
| 942 |
_2ddc _cEN _mJOH _h320.5 |
||
| 999 |
_c19618 _d19618 |
||